Identidad filiatoria y pruebas biológicas (Record no. 133770)

MARC details
000 -LEADER
fixed length control field 00905cam a2200205 4500
005 - DATE AND TIME OF LATEST TRANSACTION
control field 20250908104110.0
008 - FIXED-LENGTH DATA ELEMENTS--GENERAL INFORMATION
fixed length control field 250704b ag |||||||| |||| 00| 0 spa d
020 ## - INTERNATIONAL STANDARD BOOK NUMBER
International Standard Book Number 9505086431
050 04 - LIBRARY OF CONGRESS CALL NUMBER
Classification number KHA518
Item number M59 2004
100 1# - MAIN ENTRY--PERSONAL NAME
Personal name Mizrahi, Mauricio Luis
245 10 - TITLE STATEMENT
Title Identidad filiatoria y pruebas biológicas
Remainder of title : Derecho a conocer la identidad genética, Indicio en contra de la parte renuente a la pericia, Compulsión para realizar las pruebas biológicas, Recaudos para los exámenes de ADN, Alcance probatorio, Falibilidad del resultado
Statement of responsibility, etc / Mauricio Luis Mizrahi
250 ## - EDITION STATEMENT
Edition statement 1a ed.
260 ## - PUBLICATION, DISTRIBUTION, ETC. (IMPRINT)
Place of publication, distribution, etc Buenos Aires :
Name of publisher, distributor, etc Astrea de Alfredo y Ricardo DePalma,
Date of publication, distribution, etc 2004.
300 ## - PHYSICAL DESCRIPTION
Extent xvi, 199 p. ;
Dimensions 20 cm.
504 ## - BIBLIOGRAPHY, ETC. NOTE
Bibliography, etc Bibliografía : p. 193-199
506 ## - RESTRICTIONS ON ACCESS NOTE
Terms governing access Pifi 3.1
650 #7 - SUBJECT ADDED ENTRY--TOPICAL TERM
Source of heading or term lemb
Topical term or geographic name as entry element Paternidad (Derecho)
Geographic subdivision Argentina
650 #4 - SUBJECT ADDED ENTRY--TOPICAL TERM
Source of heading or term lemb
Topical term or geographic name as entry element Prueba de la paternidad
Geographic subdivision Argentina
942 ## - ADDED ENTRY ELEMENTS (KOHA)
Source of classification or shelving scheme Biblioteca del Cogreso de los Estados Unidos
Koha item type Libro
Holdings
Estado de pérdida Fuente de clasificación Estado del daño No para préstamo Ubicación permanente Ubicación actual Apartado o colección Fecha de adquisición Edición Área del conocimiento Clasificación Código de Barras Date last seen Número de copia Costo por reposición Tipo de recurso
  Biblioteca del Cogreso de los Estados Unidos     Biblioteca de la Facultad de Derecho y Ciencias Sociales "Felipe J. Tena" Biblioteca de la Facultad de Derecho y Ciencias Sociales "Felipe J. Tena" General 03/12/2019 1a ed. Ciencias Sociales y Administrativas KHA518 M59 2004 BFD000011885 03/12/2019 1 1.00 Libro